| 000 | 00821nam a22002777a 4500 | ||
|---|---|---|---|
| 001 | BR9403394 | ||
| 003 | BR-BrBNA | ||
| 005 | 20230928094225.0 | ||
| 007 | ta | ||
| 008 | 230509b bl.||||| |||| 00| 0 por d | ||
| 040 |
_aBR-BrBNA _bpor _cBiblioteca Nacional de Agricultura |
||
| 041 | _a(Por) | ||
| 072 | _aE13; E10 | ||
| 090 | _ E13 BR9403394 | ||
| 110 | 1 |
_aFundacao Estadual de Planejamento Agricola de Alagoas, Maceio (Brasil) _94888 |
|
| 245 | 1 | _aProgramas e recursos para o setor publico agricola do Estado de Alagoas para 1984 | |
| 260 | 3 |
_aMaceio, AL (Brasil): _c1983. |
|
| 300 | _a31 p | ||
| 650 | _aRecurso Economico | ||
| 650 | _aFinanciamento | ||
| 650 | _aPlanejamento Economico | ||
| 650 | _aPlanejamento Agricola | ||
| 650 | _aAlagoas | ||
| 909 |
_a202309 _bLucia _c55 _dLucia Elande |
||
| 942 | _cBK | ||
| 999 |
_c49513 _d49513 |
||